Ekonomické a sociálne nástroje ako faktor tvorby pracovných miest

Uložené v:
Podrobná bibliografia
Hlavný autor: Hrvoľová, Božena
Ďalší autori: Polednáková, Anna, 1957-, Szarková, Miroslava, 1951-, Krásna, Slávka, Marková, Jana, Králik, Jozef, Kita, Jaroslav, Gabrhelová, Gabriela
Médium: Kniha
Jazyk:Slovak
Vydavateľské údaje: Brno Tribun EU 2017
Vydanie:1. vyd.
Predmet:
Tagy: Pridať tag
Žiadne tagy, Buďte prvý, kto otaguje tento záznam!

MARC

LEADER 00000nam a2200000 4500
001 0228578
005 20240502083615.8
020 |a 978-80-263-1166-9 
041 0 |a slo 
044 |a CZ 
245 1 0 |a Ekonomické a sociálne nástroje ako faktor tvorby pracovných miest  |c Božena Hrvoľová, Anna Polednáková, Miroslava Szarková ... [et al.] ; recenzenti: Jozef Králik, Jaroslav Kita, Gabriela Gabrhelová 
250 |a 1. vyd. 
264 1 |a Brno  |b Tribun EU  |c 2017 
300 |a 123 s. [5,01 AH] 
610 2 0 |a manažment personálny 
610 2 0 |a riadenie ľudských zdrojov 
610 2 0 |a kultúra podniková 
610 2 0 |a vodcovstvo 
610 2 0 |a fúzie 
610 2 0 |a akvizícia 
610 2 0 |a komunikácia marketingová 
610 2 0 |a event marketing 
610 2 0 |a spokojnosť v práci 
610 2 0 |a miesta pracovné 
610 2 0 |a trh práce 
610 2 0 |a Európska únia 
100 1 |a Hrvoľová, Božena 
700 1 |a Polednáková, Anna, 1957- 
700 1 |a Szarková, Miroslava, 1951- 
700 1 |a Krásna, Slávka 
700 1 |a Marková, Jana 
700 1 |a Králik, Jozef 
700 1 |a Kita, Jaroslav 
700 1 |a Gabrhelová, Gabriela